Provincias de España - ¡Muerte Súbita! - Estadísticas

Estadísticas generales
  • Esta prueba ha sido intentada 167 veces
  • La puntuación promedio es 13 de 21
Answers on the Grid
Answers color-coded by a green-red scale on the quiz's grid according to % correct below.
Almería
Ávila
Baleares
Barcelona
Cáceres
Cantabria
Ciudad Real
Cuenca
Guipúzcoa
Huesca
La Rioja
Lérida
Madrid
Murcia
Salamanca
Santa Cruz de Tenerife
Segovia
Soria
Tarragona
Toledo
Valencia
Andorra
Benidorm
Bilbao
Canarias
Formosa
Gijón
Ibiza
La Mancha
Marbella
Mérida
Oporto
Palma de Mallorca
San Juan
Santiago de Compostela
Vigo
 
Estadísticas de respuestas
Respuesta % Correcto
Madrid
74%
Ávila
69%
Valencia
69%
Tarragona
67%
Almería
66%
Cáceres
66%
Segovia
66%
Toledo
66%
Cantabria
65%
Cuenca
65%
La Rioja
65%
Murcia
65%
Soria
65%
Salamanca
64%
Huesca
63%
Lérida
63%
Barcelona
62%
Ciudad Real
60%
Baleares
57%
Guipúzcoa
57%
Santa Cruz de Tenerife
57%
No se encontraron pruebas coincidentes
Distribución de puntuación
Porcentaje de gente con cada puntuación
Porcentaje por número respondido
Historial de tus puntuaciones
No has intentado esta prueba.